|
|
|
|
| LEADER |
00000nam a2200000 4500 |
| 001 |
vtls011786170 |
| 003 |
SK-MaSNL |
| 005 |
20260331211152.0 |
| 008 |
181018s2018 xo o g c 000 0deng |
| 015 |
|
|
|a SNBE2018
|
| 020 |
|
|
|a 9788057003113 (brožované)
|
| 040 |
|
|
|a SNK
|b slo
|c SNK
|e rda
|
| 041 |
0 |
|
|a eng
|a slo
|
| 043 |
|
|
|a e-xo---
|
| 044 |
|
|
|a xo
|c SK
|
| 072 |
|
7 |
|a 72/76
|x Výtvarné umenie
|2 konspekt
|
| 080 |
|
|
|a 7.038.53
|2 2011
|
| 080 |
|
|
|a 72/76:159.931
|2 2011
|
| 080 |
|
|
|a 7.038.55
|2 2011
|
| 080 |
|
|
|a 7.036/.038
|2 2011
|
| 080 |
|
|
|a (437.6)
|2 2011
|
| 080 |
|
|
|a (083.824)
|2 2011
|
| 100 |
1 |
|
|a Suchoža, Jozef,
|d 1978-
|4 art
|9 134386
|
| 245 |
1 |
0 |
|a Jozef Suchoža
|b di_visio
|c text: Alena Vrbanová
|
| 246 |
3 |
0 |
|a Di_visio
|
| 264 |
|
1 |
|a [Borša]
|b Jozef Suchoža
|c 2018
|
| 300 |
|
|
|a 1 zložený list (4 strany)
|b fotografie
|c 21 cm
|
| 336 |
|
|
|a text
|b txt
|2 rdacontent
|
| 337 |
|
|
|a bez média
|b n
|2 rdamedia
|
| 338 |
|
|
|a zväzok
|b nc
|2 rdacarrier
|
| 366 |
|
|
|e 100 kusov
|
| 500 |
|
|
|a Miesto vydania podľa NA ISBN
|
| 500 |
|
|
|a Životopisné dáta, prehľad výstav
|
| 546 |
|
|
|a Čiastočný text v slovenčine
|
| 600 |
1 |
7 |
|a Suchoža, Jozef,
|d 1978-
|2 SNKMA
|9 134386
|
| 648 |
|
7 |
|a 21. storočie
|2 SNKPH
|9 301294
|
| 648 |
|
7 |
|a 21st century
|2 SNKPHeng
|9 303236
|
| 650 |
0 |
7 |
|a vizuálne umenie
|2 SNKPH
|9 69925
|
| 650 |
0 |
7 |
|a videoart
|2 SNKPH
|9 20818
|
| 650 |
0 |
7 |
|a inštalácie (umenie)
|2 SNKPH
|9 90588
|
| 650 |
0 |
7 |
|a moderné umenie
|2 SNKPH
|9 68456
|
| 650 |
0 |
7 |
|a Visual art
|2 SNKPHeng
|9 312006
|
| 650 |
0 |
7 |
|a Video art
|2 SNKPHeng
|9 234511
|
| 650 |
0 |
7 |
|a Installations (art)
|2 SNKPHeng
|9 131920
|
| 650 |
0 |
7 |
|a Modern art
|2 SNKPHeng
|9 294689
|
| 651 |
|
7 |
|a Slovensko
|2 SNKPH
|9 14231
|
| 651 |
|
7 |
|a Slovakia
|2 SNKPHeng
|9 92630
|
| 655 |
|
7 |
|a katalógy výstav
|2 SNKPH
|9 70445
|
| 655 |
|
7 |
|a Exhibition catalogs
|2 SNKPHeng
|9 266232
|
| 700 |
1 |
|
|a Vrbanová, Alena,
|d 1960-
|4 aut
|9 92785
|
| 919 |
|
|
|a 978-80-570-0311-3
|
| 999 |
|
|
|c 599774
|d 601704
|
| 952 |
|
|
|a SNK
|b SNK
|y PREZ
|7 0
|p 17A1337901
|o snkOSC 28546
|i snk2018/21416
|8 0
|0 0
|1 0
|4 0
|d 2018-10-18
|l 0
|r 2026-02-23 15:51:04
|w 2026-02-23
|
| 952 |
|
|
|a SNK
|b SNK
|y PREZ
|7 0
|p 17A1337902
|o snkOSC 28546 D1
|i snk2018/21417
|8 0
|0 0
|1 0
|4 0
|d 2018-10-18
|l 0
|r 2026-02-23 15:51:04
|w 2026-02-23
|